Đồng bằng sông Cửu Long tài nguyên, môi trường, phát triển : Báo cáo tổng hợp

Tài liệu bao gồm các nội dung: tài nguyên vùng ĐBSCL; Các loại hình môi trường vùng ĐBSCL sự thích nghi với sản xuất; Hiện trạng kinh tế xã hội vùng ĐBSCL; Bên cạnh đó tài liệu còn đề ra phương hướng phát triển vùng ĐBSCL trong thời gian tới....

Full description

Saved in:
Bibliographic Details
Main Author: Nguyễn, Ngọc Trân
Format: Book
Language:Undetermined
Published: Hà Nội Ủy ban Khoa học nhà nước 1990
Subjects:
Tags: Add Tag
No Tags, Be the first to tag this record!
Institutions: Trung tâm Học liệu Trường Đại học Cần Thơ
LEADER 01128nam a2200205Ia 4500
001 CTU_138893
008 210402s9999 xx 000 0 und d
082 |a 333.714 
082 |b Tr121 
100 |a Nguyễn, Ngọc Trân 
245 0 |a Đồng bằng sông Cửu Long tài nguyên, môi trường, phát triển : 
245 0 |b Báo cáo tổng hợp 
245 0 |c Nguyễn Ngọc Trân (Chủ nhiệm chương trình, chủ biên báo cáo tổng hợp) 
260 |a Hà Nội 
260 |b Ủy ban Khoa học nhà nước 
260 |c 1990 
520 |a Tài liệu bao gồm các nội dung: tài nguyên vùng ĐBSCL; Các loại hình môi trường vùng ĐBSCL sự thích nghi với sản xuất; Hiện trạng kinh tế xã hội vùng ĐBSCL; Bên cạnh đó tài liệu còn đề ra phương hướng phát triển vùng ĐBSCL trong thời gian tới. 
650 |a Tài nguyên thiên nhiên,Natural resources 
904 |i Bạch Trúc 
980 |a Trung tâm Học liệu Trường Đại học Cần Thơ